| 000 | 00997nam a2200253 a 4500 | ||
|---|---|---|---|
| 005 | 20250108063741.0 | ||
| 008 | 070212s1999 mx r 000 0 spa d | ||
| 020 | _a9507015612 | ||
| 035 | _aUPN01000149287 | ||
| 049 | _aCG | ||
| 050 | 4 |
_aLB1027 _bJ7.2 |
|
| 100 | 1 |
_aJohnson, David Winslow, _d1940- _928797 |
|
| 245 | 1 | 0 |
_aAprender juntos y solos / _cDavid W. Johnson, Roger T. Johnson ; tr. Miguel Wald. |
| 260 |
_aArgentina : _bAique, _c1999. |
||
| 300 |
_a328 p. : _bcuadros |
||
| 440 | 0 | _aCarrera docente | |
| 500 | _aTítulo de la cubierta: Aprender juntos y solos : aprendizaje cooperativo, competitivo e individualista | ||
| 534 |
_pTítulo original: _tLearning together and alone: cooperative, competitive and indivisualistic learning |
||
| 650 | 4 |
_aTrabajo en grupos (Educación) _94098 |
|
| 650 | 4 |
_aEnseñanza individualizada _96835 |
|
| 650 | 4 |
_aAnálisis del proceso de interacción en educación _9270 |
|
| 700 | 1 |
_aJohnson, Roger T., _d1938- _ecoaut. _928798 |
|
| 905 | _aLibro | ||
| 999 |
_c121428 _d121428 |
||